Digital libraries and the challenges of digital humanities

Bibliographic Details
Main Author: Rydberg-Cox, Jeffrey A. (Author)
Format: Book
Language:English
PhysicalDescription:xv, 103 s. 24 cm
Published: Oxford Chandos 2006
ISBN:1843341344
Edition:1st publ.
Series:Chandos information professional series
Subjects:

MARC

LEADER 00000nam a2200000 a 4500
001 vtls010299543
003 SK-MaSNL
005 20260302011855.0
008 240318s2011 xxka g f 001 0 eng
020 |a 1843341344  |q (brož.) 
040 |a SNK  |b slo  |c SNK  |e AACR2 
041 0 |a eng 
044 |a xxu  |a xxk  |c US  |c GB 
072 7 |a 025  |x Organizácia knižníc a knižničných fondov  |2 konspekt 
080 |a 025:004.08  |2 2001 
080 |a 002.1:004.087  |2 2001 
080 |a 004.738.5:004.659  |2 2001 
080 |a (036)  |2 2001 
100 1 |a Rydberg-Cox, Jeffrey A.  |4 aut  |9 652975 
245 1 0 |a Digital libraries and the challenges of digital humanities  |c Jeffrey A. Rydberg-Cox 
250 |a 1st publ. 
260 |a Oxford  |b Chandos  |c 2006 
300 |a xv, 103 s.  |c 24 cm 
490 1 |a Chandos information professional series 
504 |a Obsahuje bibliogr. a reg. 
650 0 7 |a digitálne knižnice  |2 SNKPH  |9 62186 
650 0 7 |a elektronické zdroje  |2 SNKPH  |9 68867 
650 0 7 |a internetové vyhľadávače  |2 SNKPH  |9 72782 
655 7 |a informačné publikácie  |2 SNKPH  |9 70181 
830 0 |a Chandos information professional series  |9 324301 
919 |a 1-84334-134-4 
999 |c 1007666  |d 1009596 
952 |a SNK  |b SNK  |y VYP  |7 0  |p 17A0720265  |o snkIC 139744  |i snk2011/20514  |8 4  |g 62.16  |0 0  |1 0  |4 0  |d 2011-08-10  |l 0  |r 2026-02-24 12:41:15  |w 2026-02-24